| 000 | 01756nam a2200241 a 4500 | ||
|---|---|---|---|
| 001 | 000041844 | ||
| 005 | 20201002035804.0 | ||
| 008 | 131029s1988 sp c 001 0 spa d | ||
| 020 | _a8400067452 | ||
| 040 |
_aDO-SdBNP _bspa _cBNPHU |
||
| 100 | 1 |
_aOrfila y Rotger, Mateo _d1787-1853 _968725 |
|
| 245 | 1 | 3 |
_aOrfila, saber y poder médico / _cedición de Rafael Huertas García-Alejo. |
| 260 |
_aMadrid : _bConsejo Superior de Investigaciones Científicas, _c1988. |
||
| 300 |
_a456 p. ; : _bil., retrs ; _c23 cm. |
||
| 490 | 1 |
_aEstudios sobre la ciencia ; _v2 |
|
| 500 | _aIncluye índice | ||
| 500 | _aEditado con la ayuda de la Secretaría de Estado de Educación del MEC, dentro del programa de "Carlos III y la Ilustración (1789-1989)" | ||
| 505 | 2 |
_aEl hombre -- _tLas limitaciones de una biografía -- _tUn breve pasado naútico -- _tEstudiante en Valencia -- _tBarcelona, la Junta de Comercio y París ; Orfila, hombre público -- _tLos saberes médicos -- _tLa medicina legal como punto de partida -- _tDe la experimentación fisio-farmacológica a la toxicología ; Orfila, químico y toxicólogo-- _tEl caso Lafarge -- _tDébiles de espíritu, imbéciles e idiotas -- _tLa monomanía en el banquillo de los acusados -- _tEl poder médico -- _tLa Facultad de medicina, antesala del poder -- _tMedicina y política-- _tEl poder absoluto del señor decano: reformas y control social -- _tAntología de textos -- _tToxicología -- _tQuímica médica -- _tMedicina legal -- _tEnfermedades mentales |
|
| 504 | _aIncluye referencias bibliográficas y notas al pie de las páginas | ||
| 700 | 1 |
_aHuertas García-Alejo, Rafael _eed. _914899 |
|
| 710 | 2 |
_aConsejo Superior de Investigaciones Científicas (España) _915178 |
|
| 830 | 0 |
_aEstudios sobre la ciencia _v2 _938739 |
|
| 999 |
_c41333 _d41333 |
||